000 00648nam a2200205 a 4500
001 000026298
005 20200930024455.0
008 110310s2002 dr 000 0 spa d
020 _a9993461474
040 _aDO-SdBNP
_bspa
_cBNPHU
082 _a922.22
_bD542c
100 1 _aDíaz, Gumersindo
_948945
245 1 0 _aConcurso sobre vida salesiana :
_bdatos y experiencias sobre San Juan Bosco y su obra /
_cGumersindo Díaz.
260 _aSanto Domingo :
_bBúho,
_c2002.
300 _a72 p. ;
_c22 cm.
600 1 4 _aBOSCO, GIOVANNI,
_cSANTOS
_d1815-1888.
_953329
650 4 _aSantos
_xBiografías
_91815
650 4 _aBeatos
_953330
049 _aBNPD
999 _c25790
_d25790